|
|
|
|
| LEADER |
01151nam a2200337 4500 |
| 001 |
000004446 |
| 003 |
585 |
| 005 |
20121211001231.0 |
| 008 |
110720s2002 viesd |
| 020 |
|
|
|c 120000
|
| 041 |
0 |
|
|a vie
|
| 082 |
|
|
|a 895.9221
|b NG-C
|
| 245 |
|
0 |
|a Đến Với thơ Nguyễn Đình Chiểu
|c Ngô Viết Dinh tuyển chọn & biên soạn
|
| 260 |
|
|
|a H.
|b Thanh Niên
|c 2002
|
| 300 |
|
|
|a 1000 tr
|c 19 cm
|
| 653 |
|
|
|a Nghiên cứu văn học
|
| 653 |
|
|
|a Thơ
|
| 653 |
|
|
|a Nguyễn Đình Chiểu, 1822-1888
|
| 653 |
|
|
|a Văn học Việt Nam
|
| 700 |
|
|
|a Ngô Viết Dinh
|e tuyển chọn & biên soạnh
|
| 910 |
|
|
|a Nguyễn Thị Kim Oanh
|d 20/ 07/ 2011
|
| OWN |
|
|
|a LSP
|
| AVA |
|
|
|a UDN50
|b LSP
|d 895.9221 NG-C
|e available
|t Error 5001 Not defined in file expand_doc_bib_avail.
|f 10
|g 0
|h N
|i 0
|k 1
|
| 999 |
|
|
|a From the UDN01
|
| AVA |
|
|
|a UDN50
|b LSP
|d 895.9221 NG-C
|e available
|t Error 5001 Not defined in file expand_doc_bib_avail.
|f 10
|g 0
|h N
|i 0
|k 1
|
| TYP |
|
|
|a Monograph
|
| TYP |
|
|
|a Printed language
|
| 980 |
|
|
|a Mạng thư viện Đại học Đà Nẵng
|